000 00549nam a2200169 4500
001 113199
003 ES-MaACL
005 20230906185807.0
007 t|
008 061121s1972 sp r ||||1| spa d
100 1 _aNiget, Pierre.
_985736
245 1 0 _aCómo controlar la rentabilidad de los representantes /
_cPierre Niget ; traducción de Francisco Fontanals.
260 _aMadrid ; Bilbao :
_bIEE : Ellacuria,
_c1972.
300 _a169 p. :
_bil. ;
_c21 cm.
700 1 _aFontanals, Francisco.
_951605
852 _aES-MaACL
_jC-48870
_bR.82874
999 _c113199
_d113199